000 00322 a2200157 4500
001 47898
020 _a9788574062723
040 _cAnchieta - Aquarius
100 _aKitamura, Satoshi
240 1 0 _aIgor
_lpor
245 1 0 _aIgor
300 _a29
362 0 _a2006
650 4 _aLiteratura infanto-juvenil
942 _cBK
999 _c47898
_d47898